00889cam a22002291 4500001001300000003000400013005001700017008004100034010001700075035001900092040003800111042001200149050001500161245005600176260002300232300003000255490011000285500010100395651003400496810011200530999001700642pa 58000025 DLC20260227111854.0810223s1957 dcua i000 0 eng c apa 58000025  a(OCoLC)7148828 aPan American UnioncWEUdWEUdDLC apremarc00aHF152b.P300aForeign trade of the Dominican Republic, 1945-1955. aWashington,c1957. aiv, 40 p.btablesc27 cm.1 aInternational trade of the American States : Bulletin / Pan American Union, Office of Statistics ;vno. 4 aAt head of title: Organization of American States. Inter-American Economic and Social Council. 0aDominican RepublicxCommerce.2 aPan American Union.bOffice of Statistics.tInternational trade of the American States : Bulletin ;vno. 4. c51361d51361